BIBLIOTECA PODER JUDICIAL
Portal Judicial TDF

Balance, consolidación y desafíos en adopción : (Registro nro. 5858)

000 -LEADER
fixed length control field 01031nab a22002177a 4500
003 - CONTROL NUMBER IDENTIFIER
control field OSt
005 - DATE AND TIME OF LATEST TRANSACTION
control field 20260108223133.0
008 - FIXED-LENGTH DATA ELEMENTS--GENERAL INFORMATION
fixed length control field 190514b xxu||||| |||| 00| 0 spa d
040 ## - CATALOGING SOURCE
Transcribing agency PJ
100 ## - MAIN ENTRY--PERSONAL NAME
9 (RLIN) 6746
Personal name Videtta, Carolina A.
245 10 - TITLE STATEMENT
Title Balance, consolidación y desafíos en adopción :
Remainder of title a 10 años del Código Civil y Comercial de la Nación /
Statement of responsibility, etc Carolina A. Videtta, Martina Salituri Amezcua.
300 ## - PHYSICAL DESCRIPTION
Extent p. 187-201
505 ## - FORMATTED CONTENTS NOTE
Formatted contents note Sumario: I. Introducción.— II. Balance y consolidación a 10 años de vigencia del Cód. Civ. y Com.— III. Nuevos y viejos desafíos en materia de adopción.— IV. Brevísimas palabras finales.
505 ## - FORMATTED CONTENTS NOTE
Title Si te interesa el texto, comunicate a koha@justierradelfuego.gov.ar
650 #0 - SUBJECT ADDED ENTRY--TOPICAL TERM
9 (RLIN) 1497
Topical term or geographic name as entry element CODIGO CIVIL Y COMERCIAL
650 #0 - SUBJECT ADDED ENTRY--TOPICAL TERM
9 (RLIN) 967
Topical term or geographic name as entry element DERECHO DE FAMILIA
650 #0 - SUBJECT ADDED ENTRY--TOPICAL TERM
9 (RLIN) 974
Topical term or geographic name as entry element ADOPCIÓN
700 ## - ADDED ENTRY--PERSONAL NAME
9 (RLIN) 6747
Personal name Salituri Amezcua, Martina
Función coautor
773 0# - HOST ITEM ENTRY
Host Biblionumber 2844
Host Itemnumber 3222
Place, publisher, and date of publication Buenos Aires : AbeledoPerrot, 1989-
Title Derecho de familia. N° 120 - Julio 2025
International Standard Book Number 18511201
942 ## - ADDED ENTRY ELEMENTS (KOHA)
Source of classification or shelving scheme
Koha item type Analítica Artículo de Revista

No hay ítems disponibles.

12 de Octubre 789 Ushuaia - Tel:  54(02901)441571
Horario de Atención: 8.00 a 17.00 hs. 
bibliotecaush@justierradelfuego.gov.ar
koha@justierradelfuego.gov.ar
Seguinos en nuestras redes @bibliojustdf 

Con tecnología Koha